La trahison de Marie-Louise / (Record no. 189076)

MARC details
000 -LEADER
campo de control de longitud fija 00821nam a2200205 i 4500
001 - NÚMERO DE CONTROL
campo de control 189076
003 - IDENTIFICADOR DE NÚMERO DE CONTROL
campo de control ES-MaACL
005 - FECHA Y HORA DE LA ÚLTIMA TRANSACCIÓN
campo de control 20240318120256.0
008 - DATOS DE LONGITUD FIJA--INFORMACIÓN GENERAL
campo de control de longitud fija 190327s1933 fr f |||| |dfre d
100 0# - ENTRADA PRINCIPAL--NOMBRE DE PERSONA
Nombre de persona Aubry, Octave.
Fechas asociadas al nombre 1881-1946
9 (RLIN) 23828
245 13 - MENCIÓN DEL TÍTULO
Título La trahison de Marie-Louise /
Mención de responsabilidad, etc. Octave Aubry ; avec quatre planches hors-texte tirées en héliogravure.
260 ## - PUBLICACIÓN, DISTRIBUCIÓN, ETC.
Lugar de publicación, distribución, etc. [Paris] :
Nombre del editor, distribuidor, etc. Flammarion,
Fecha de publicación, distribución, etc. [1933]
300 ## - DESCRIPCIÓN FÍSICA
Extensión 125 p., [4] h. de lám. ;
Dimensiones 18 cm.
490 1# - MENCIÓN DE SERIE
Mención de serie Hier et aujourd'hui
600 04 - PUNTO DE ACCESO ADICIONAL DE MATERIA--NOMBRE DE PERSONA
Nombre de persona María Luisa
Títulos y otros términos asociados al nombre Emperatriz consorte de Napoleón I, Emperador de Francia.
9 (RLIN) 166713
600 04 - PUNTO DE ACCESO ADICIONAL DE MATERIA--NOMBRE DE PERSONA
Nombre de persona Napoleón
Numeración I
Títulos y otros términos asociados al nombre , Emperador de Francia.
9 (RLIN) 84910
830 0# - PUNTO DE ACCESO ADICIONAL DE SERIE-TÍTULO UNIFORME
Título uniforme Hier et aujourd'hui
9 (RLIN) 193252
852 ## - LOCALIZACIÓN
Ubicación ES-MaACL
Número de control de estantería L-32248
Nota libre . - Donat. herederos de la bibl. de Mª del Pilar Costa Palacín
Holdings
Estatus retirado Estado de pérdida Estado de daño No para préstamo Biblioteca de origen Biblioteca actual Ubicación en estantería Fecha de adquisición Fuente de adquisición Total de préstamos Signatura topográfica completa Código de barras Visto por última vez Precio de reemplazo Tipo de ítem Koha
        Biblioteca del Ateneo de Madrid Biblioteca del Ateneo de Madrid Depósito 2 27/03/2019     L-32248 1200248 23/02/2023 23/02/2023 Libro impreso